[Event "Espergarde open"]
[Site "Espergaerde"]
[Date "1977.??.??"]
[Round "1"]
[White "Auchenberg, Per"]
[Black "Nilsson, Nils Specht"]
[Result "1-0"]
[WhiteElo "2225"]
[BlackElo "2200"]

1. e4 e5 2. Nf3 Nc6 3. Bb5 a6 4. Ba4 Nf6 5. O-O Be7 6. Re1 b5 7. Bb3 d6
8. c3 O-O 9. h3 Nb8 10. d4 Nbd7 11. Nbd2 c5 12. Nf1 c4 13. Bc2 Kh8 14.
Ne3 Ng8 15. Nf5 g6 16. Nxe7 Qxe7 17. b3 cxb3 18. axb3 Qf6 19. Bb2 Ne7
20. c4 bxc4 21. bxc4 Kg8 22. c5 dxc5 23. dxe5 Qb6 24. Rb1 Nc6 25. Qd2
Nd8 26. Qh6 Ne6 27. Red1 Qd8 28. Bc1 Qe7 29. Bb3 Re8 30. Bg5 Qf8 31.
Qh4 h5 32. g4 Nxg5 33. Qxg5 Qg7 34. gxh5 gxh5 35. Qxg7+ Kxg7 36. Ba4
Re7 37. Rd5 Nf8 38. Rxc5 Bxh3 39. Ng5 Ne6 40. Nxe6+ Rxe6 41. Kh2 Bg4
42. Rb7 Rg6 43. f4 Bf3 44. Bb3 Bxe4 45. Rxf7+ Kh6 46. Bd5 Bxd5 47. Rxd5
Rb8 48. Rd2 Rb4 49. Rc2 Rg4 50. e6 Rh4+ 51. Kg3 Rg4+ 52. Kf3 Rb3+ 53.
Ke4 Rb4+ 54. Kd5 Rg8 55. f5 Re8 56. Kd6 Kg5 57. e7 Rb6+ 58. Kd7 Reb8
59. Rg2+ Kf4 60. Re2 h4 61. Rf8 h3 62. Rxb8 Rxb8 63. f6 1-0

[Event "Espergarde open"]
[Site "Espergaerde"]
[Date "1977.??.??"]
[Round "1"]
[White "Bjerring, Kai"]
[Black "Moe, Mogens"]
[Result "0-1"]
[WhiteElo "2365"]
[BlackElo "2360"]

1. d4 Nf6 2. c4 g6 3. Nc3 d5 4. cxd5 Nxd5 5. e4 Nxc3 6. bxc3 Bg7 7. Bc4
O-O 8. Be3 c5 9. Ne2 Qc7 10. Rc1 Nc6 11. O-O Na5 12. Bd3 c4 13. Bb1 b5
14. Qd2 Rd8 15. Bh6 Bh8 16. Qe3 Qb6 17. Qg3 b4 18. cxb4 Qxb4 19. Be3
Ba6 20. Nc3 Nc6 21. Nd5 Qb7 22. Nc7 e5 23. Nxa8 exd4 24. Nc7 Be5 25.
Bf4 Qxc7 26. Bxe5 Qxe5 27. f4 Qa5 28. Bd3 cxd3 29. Rxc6 d2 30. Rxa6
Qxa6 31. Qf3 Rc8 32. Rd1 Rc1 33. Kf2 Rxd1 34. Qxd1 Qd3 0-1

[Event "Espergarde open"]
[Site "Espergaerde"]
[Date "1977.??.??"]
[Round "1"]
[White "Brask, S"]
[Black "Madsen, P"]
[Result "1-0"]
[WhiteElo "2200"]
[BlackElo "2200"]

1. e4 d5 2. exd5 Nf6 3. Bb5+ Nbd7 4. Nc3 a6 5. Be2 g6 6. d4 Bg7 7. Nf3
O-O 8. O-O Nb6 9. Re1 Nbxd5 10. Nxd5 Nxd5 11. Bg5 f6 12. Bd2 Be6 13. c4
Nb6 14. d5 Bf7 15. Qc2 Re8 16. Rad1 Qd7 17. Bc3 Rad8 18. b3 Qc8 19. Nd4
Nd7 20. f4 Nf8 21. f5 Bh6 22. Bg4 g5 23. Bb4 Rd7 24. Re3 c6 25. dxc6
bxc6 26. Bc5 Rc7 27. Ne6 Nxe6 28. fxe6 Bg6 29. Bf5 Bxf5 30. Qxf5 Rd8
31. Red3 Rxd3 32. Rxd3 Qe8 33. Rd7 Rxd7 34. exd7 Qd8 35. Qe6+ Kf8 36.
Qxf6+ Kg8 37. Qxe7 1-0

[Event "Espergarde open"]
[Site "Espergaerde"]
[Date "1977.??.??"]
[Round "1"]
[White "Brondum, Eric"]
[Black "Hansen, J"]
[Result "1/2-1/2"]
[WhiteElo "2335"]
[BlackElo "2360"]

1. d4 g6 2. Nc3 Bg7 3. e4 c6 4. Bc4 d6 5. Qf3 e6 6. Nge2 Nd7 7. Bf4 Qe7
8. O-O e5 9. Bg5 Ngf6 10. Bb3 h6 11. Bh4 O-O 12. Rad1 Re8 13. h3 Nf8
14. Rfe1 b5 15. a3 a6 16. Qe3 Bb7 17. dxe5 dxe5 18. Rd3 Rad8 19. Red1
Rxd3 20. Qxd3 Ne6 21. Qd6 g5 22. Bg3 Qxd6 23. Rxd6 Bf8 24. Rd1 Nc5 25.
f3 1/2-1/2

[Event "Espergarde open"]
[Site "Espergaerde"]
[Date "1977.??.??"]
[Round "1"]
[White "Molgaard, Steen"]
[Black "Kallenberg, Ebbe"]
[Result "0-1"]
[WhiteElo "2200"]
[BlackElo "2200"]

1. d4 d5 2. Nf3 Nf6 3. Nbd2 Bf5 4. e3 Nbd7 5. c4 c6 6. Be2 Qc7 7. O-O
dxc4 8. Nxc4 e6 9. Bd2 Be7 10. Qb3 O-O 11. Bb4 Bxb4 12. Qxb4 Nd5 13.
Qb3 f6 14. Nh4 Bg6 15. Nxg6 hxg6 16. Rae1 Rad8 17. Nd2 Qb6 18. g3 Qxb3
19. Nxb3 g5 20. a3 Ne7 21. Kg2 Kf7 22. Rc1 Nf5 23. Nc5 Nxc5 24. Rxc5
Rd7 25. Ra5 b6 26. Ra4 Rfd8 27. Rc1 c5 28. dxc5 bxc5 29. Rxc5 Rd2 30.
Rxa7+ Kg6 31. Kf1 Rxb2 32. Rb5 Ra2 33. Bc4 Rd1+ 34. Kg2 Nxe3+ 35. Kf3
Nxc4 36. Rbb7 Rxa3+ 37. Rxa3 Nxa3 0-1

[Event "Espergarde open"]
[Site "Espergaerde"]
[Date "1977.??.??"]
[Round "1"]
[White "Poulsen, Allan"]
[Black "Hoi, Carsten"]
[Result "1/2-1/2"]
[WhiteElo "2310"]
[BlackElo "2330"]

1. e4 g6 2. d4 Bg7 3. Nc3 d6 4. Be3 e6 5. Qd2 b5 6. Bd3 Nd7 7. Nge2
Ngf6 8. Bh6 O-O 9. Bxg7 Kxg7 10. Ng3 e5 11. Nce2 Nb6 12. dxe5 dxe5 13.
Qc3 Qd6 14. b3 Ba6 15. Rd1 Rfd8 16. O-O b4 17. Qa1 Bxd3 18. cxd3 c5
19. f4 Nbd7 20. Rf3 Re8 21. Rdf1 a5 22. Qc1 a4 23. f5 axb3 24. fxg6
fxg6 25. Qg5 Kh8 26. axb3 Rf8 27. h4 Qe6 28. Nc1 Ng8 29. h5 Rxf3 30.
Rxf3 Rf8 31. Rxf8 Nxf8 32. hxg6 hxg6 33. Nce2 Nh7 34. Qe3 Qxb3 35. Qxc5
Qxd3 36. Qxe5+ Ngf6 37. Qb8+ Kg7 38. Qxb4 Qe3+ 39. Kf1 Ng5 40. Qc3 Qxc3
41. Nxc3 Kf7 42. Ke2 Ke6 1/2-1/2

[Event "Espergarde open"]
[Site "Espergaerde"]
[Date "1977.??.??"]
[Round "1"]
[White "Sondergaard, A"]
[Black "Rej, Dennis"]
[Result "1/2-1/2"]
[WhiteElo "2200"]
[BlackElo "2200"]

1. e4 e6 2. d4 d5 3. Nd2 Nf6 4. e5 Nfd7 5. c4 c5 6. cxd5 exd5 7. f4 Nc6
8. Ngf3 Be7 9. Bd3 Qb6 10. dxc5 Nxc5 11. Be2 Bf5 12. Nb3 Ne4 13. Nfd4
Bb4+ 14. Kf1 O-O 15. Be3 Nxd4 16. Qxd4 Qxd4 17. Nxd4 Bd7 18. g4 Rac8
19. Kg2 a6 20. Rhd1 Ba4 21. Rdc1 Bd7 22. h3 Rfe8 23. Bd3 Nc5 24. Be2
Ne6 25. Kf3 Bc5 26. Nxe6 Bxe3 27. Kxe3 fxe6 28. Rc3 Rxc3+ 29. bxc3 Rc8
30. Rc1 Rc5 31. Kd4 Ra5 32. Rc2 Kf7 33. Rb2 Bc6 34. f5 Ra4+ 35. Kc5 Ke7
36. c4 Ra3 37. Bf1 Re3 38. Re2 Rc3 39. Rb2 dxc4 40. Kd4 Rf3 41. Bg2
Rf4+ 42. Ke3 c3 43. Rc2 Rc4 44. Bxc6 Rxc6 45. Kd4 b6 46. Rxc3 Rxc3 47.
Kxc3 exf5 48. gxf5 g6 49. f6+ Ke6 50. h4 h6 51. Kd4 b5 52. a3 g5 53.
hxg5 hxg5 54. Kc5 g4 55. Kc6 g3 56. f7 Kxf7 57. Kd7 g2 58. e6+ Kf6 59.
e7 g1=Q 60. e8=Q Qg4+ 61. Kc6 Qf3+ 62. Kb6 Qxa3 63. Qh8+ Ke6 64. Qg8+
Ke5 65. Qg7+ Kd5 66. Qg8+ Kd4 67. Qg4+ Kc3 68. Qf3+ Kb2 69. Qe2+ Kb1
70. Qe1+ Qc1 71. Qb4+ Qb2 72. Qe1+ Kc2 73. Qe4+ Kb3 74. Kxa6 b4 75. Kb5
Qc3 76. Qd5+ Kb2 77. Qg2+ Kb1 78. Qe4+ 1/2-1/2

[Event "Espergarde open"]
[Site "Espergaerde"]
[Date "1977.??.??"]
[Round "1"]
[White "Sorensen, Bent"]
[Black "Zambach, A"]
[Result "0-1"]
[WhiteElo "2200"]
[BlackElo "2200"]

1. b3 Nf6 2. Bb2 g6 3. e3 Bg7 4. f4 d5 5. Nf3 O-O 6. Be2 c5 7. O-O Nc6
8. Na3 Bg4 9. c4 Qd7 10. d3 Rad8 11. h3 Bxf3 12. Bxf3 dxc4 13. dxc4 Qd2
14. Qxd2 Rxd2 15. Rab1 Rfd8 16. Nb5 a6 17. Nc3 Nh5 18. Na4 Bxb2 19.
Rxb2 Rxb2 20. Nxb2 Ng3 21. Rd1 Rxd1+ 22. Nxd1 Nb4 23. Bxb7 Nxa2 24.
Bxa6 Ne2+ 25. Kf2 Nec1 26. Nb2 Nb4 27. Bb5 Nxb3 28. Ke2 Kg7 29. Nd3
Nxd3 30. Kxd3 Kf6 31. e4 e5 32. g3 Nd4 33. Ke3 h6 34. Ba6 Ke6 35. Bb7
f5 36. h4 Kf6 37. Bd5 exf4+ 38. gxf4 fxe4 39. Bxe4 Nf5+ 40. Bxf5 Kxf5
41. Kf3 h5 42. Ke3 Kg4 43. Ke4 Kxh4 44. f5 gxf5+ 45. Kxf5 Kg3 46. Ke4
h4 47. Kd5 h3 48. Kxc5 h2 49. Kd6 h1=Q 50. c5 Qb7 51. c6 Qc8 52. c7 Kf4
53. Kc6 Ke5 54. Kb6 Kd6 55. Ka7 Qxc7+ 56. Ka8 Qc5 57. Kb7 Qb5+ 58. Kc8
Qd7+ 59. Kb8 Kc6 60. Ka8 Qb7# 0-1

[Event "Espergarde open"]
[Site "Espergaerde"]
[Date "1977.??.??"]
[Round "1"]
[White "Svendsen, N"]
[Black "Frandsen, O"]
[Result "0-1"]
[WhiteElo "2200"]
[BlackElo "2200"]

1. d4 e6 2. e4 d5 3. exd5 exd5 4. Bd3 Bd6 5. Nc3 Ne7 6. Nge2 c6 7. Ng3
Ng6 8. Nce2 Qe7 9. O-O O-O 10. c3 f5 11. f4 Be6 12. Qc2 Qf7 13. Bd2 Nd7
14. Rae1 c5 15. dxc5 Nxc5 16. Nd4 Ne4 17. Bxe4 dxe4 18. Nxe4 fxe4 19.
f5 Bc4 0-1

[Event "Espergarde open"]
[Site "Espergaerde"]
[Date "1977.??.??"]
[Round "2"]
[White "Frandsen, O"]
[Black "Brask, S"]
[Result "0-1"]
[WhiteElo "2200"]
[BlackElo "2200"]

1. e4 d6 2. d4 Nf6 3. Nc3 g6 4. Nf3 Bg7 5. Be2 O-O 6. h3 Nbd7 7. Be3 e5
8. d5 Re8 9. Qd2 Nc5 10. Bxc5 dxc5 11. O-O-O a6 12. g4 b5 13. g5 Nh5
14. Bf1 Qd6 15. Ne2 a5 16. Ng3 Nxg3 17. fxg3 c4 18. Qf2 Bd7 19. Qd2 Ra6
20. Nh2 Qc5 21. Ng4 b4 22. Nf6+ Bxf6 23. gxf6 Rxf6 24. Qe2 c3 25. Rh2
Rb8 26. Qc4 cxb2+ 27. Kxb2 Qb6 28. Rhd2 Bb5 29. Qxb5 Qxb5 30. Bxb5 Rxb5
31. d6 cxd6 32. Rxd6 Rxd6 33. Rxd6 Rc5 34. Rd5 Rxd5 35. exd5 Kf8 0-1

[Event "Espergarde open"]
[Site "Espergaerde"]
[Date "1977.??.??"]
[Round "2"]
[White "Hansen, J"]
[Black "Bjerring, Kai"]
[Result "0-1"]
[WhiteElo "2360"]
[BlackElo "2365"]

1. g3 g6 2. Bg2 Bg7 3. c4 c5 4. Nc3 Nc6 5. Rb1 Rb8 6. a3 a6 7. b4 cxb4
8. axb4 b5 9. cxb5 axb5 10. Nf3 Nf6 11. d4 d5 12. Bf4 Rb6 13. Qb3 O-O
14. O-O Bf5 15. Rbc1 Ne4 16. Rfd1 e6 17. Ne5 Nxd4 18. Rxd4 g5 19. Nxe4
gxf4 20. gxf4 Bxe4 21. Bxe4 Qh4 22. Qg3 Qxg3+ 23. hxg3 dxe4 24. Rxe4
Rd8 25. Nc6 Rd7 26. f5 Bb2 27. Rc2 exf5 28. Ne7+ Kg7 29. Nxf5+ Kf6 30.
g4 Be5 31. f4 Bb8 32. Ne3 Re6 33. g5+ Ke7 34. Nf5+ Kd8 35. Rxe6 fxe6
36. Rc5 Ba7 0-1

[Event "Espergarde open"]
[Site "Espergaerde"]
[Date "1977.??.??"]
[Round "2"]
[White "Hansen, Jorgen"]
[Black "Molgaard, Steen"]
[Result "0-1"]
[WhiteElo "2360"]
[BlackElo "2200"]

1. g3 g6 2. Bg2 Bg7 3. e4 c5 4. d3 Nc6 5. Nc3 e6 6. f4 Nge7 7. Nf3 d6
8. Be3 Nd4 9. Qd2 Nec6 10. O-O O-O 11. Rae1 Rb8 12. Nd1 b5 13. c3 Nxf3+
14. Bxf3 Ne7 15. Nf2 b4 16. e5 bxc3 17. bxc3 Nf5 18. Rb1 Rxb1 19. Rxb1
Qa5 20. d4 cxd4 21. cxd4 Qxd2 22. Bxd2 Nxd4 23. Bd1 dxe5 24. Bb4 Rd8
25. Be7 Re8 26. Rb8 Nc6 27. Ba4 Nxb8 28. Bxe8 exf4 29. Ne4 fxg3 30. Ng5
gxh2+ 31. Kxh2 Be5+ 32. Kg2 f6 33. Nh3 Bd7 34. Bxd7 Nxd7 35. Nf2 Kf7
36. Bb4 h5 37. Nd3 Bd4 38. Nf4 Bc5 39. Bc3 Bd6 40. Nd3 e5 0-1

[Event "Espergarde open"]
[Site "Espergaerde"]
[Date "1977.??.??"]
[Round "2"]
[White "Hoi, Carsten"]
[Black "Moe, Mogens"]
[Result "1-0"]
[WhiteElo "2330"]
[BlackElo "2360"]

1. e4 c5 2. Nf3 Nc6 3. Bb5 g6 4. O-O Bg7 5. d3 Qb6 6. a4 e6 7. Nbd2
Nge7 8. Nc4 Qc7 9. Bg5 Nd4 10. e5 a6 11. Nxd4 cxd4 12. Qf3 Nf5 13. g4
axb5 14. axb5 Rxa1 15. Rxa1 Bxe5 16. gxf5 Bxh2+ 17. Kh1 b6 18. Ra8 O-O
19. Bh6 Qb7 20. Nd2 Bd6 21. Ne4 exf5 22. Rxc8 Qxc8 23. Nxd6 Qa8 24. Kg2
Qxf3+ 25. Kxf3 Ra8 26. Nc4 d5 27. Nxb6 Rb8 28. Nxd5 Rxb5 29. Ne7+ Kh8
30. c4 Rxb2 31. c5 Rb7 32. Bg5 Kg7 33. c6 Ra7 34. Nd5 Ra5 35. c7 Rc5
36. Bd8 1-0

[Event "Espergarde open"]
[Site "Espergaerde"]
[Date "1977.??.??"]
[Round "2"]
[White "Kallenberg, Ebbe"]
[Black "Pedersen, Jens Otto"]
[Result "0-1"]
[WhiteElo "2200"]
[BlackElo "2200"]

1. e4 Nc6 2. Nf3 d5 3. exd5 Qxd5 4. Nc3 Qa5 5. Bc4 Bg4 6. d4 O-O-O 7.
Bd2 Qh5 8. Be2 Nxd4 9. Nxd4 Rxd4 10. Nb5 Bxe2 11. Qxe2 Qxe2+ 12. Kxe2
Rd5 13. Nxa7+ Kb8 14. Be3 Re5 15. Rhd1 Rxe3+ 16. fxe3 Kxa7 17. Rd8 Nf6
18. Rad1 g6 19. Rc8 Bg7 20. Rxc7 Re8 21. Rd3 Kb8 22. Rc4 Rc8 23. Rxc8+
Kxc8 24. b3 Nd7 25. c4 Kc7 26. Rd1 Ne5 27. h3 Nc6 28. g4 Be5 29. Kf3
Nb4 30. a3 Nc6 31. g5 Bb2 32. a4 Be5 33. h4 Bd6 34. e4 Ne5+ 35. Ke2 Kc6
36. Rd5 Nd7 37. Ke3 Bg3 38. Rd1 Bxh4 39. Kf4 f6 40. gxf6 Bxf6 41. Rd5
h5 42. b4 g5+ 43. Kf5 h4 44. b5+ Kc7 45. b6+ Kc6 46. a5 h3 47. Rd3 g4
48. a6 bxa6 49. b7 h2 50. Rxd7 h1=Q 51. b8=Q Qf3+ 52. Ke6 Qxe4+ 53. Kf7
Qxc4+ 54. Kf8 Kxd7 55. Qd8+ Kc6 56. Qd7+ Kc5 57. Qf5+ Kb4 58. Qb1+ Ka3
59. Qe1 Qc3 60. Qe6 a5 61. Qxg4 a4 62. Qe6 Qb4 63. Kf7 Bc3 64. Ke8 0-1

[Event "Espergarde open"]
[Site "Espergaerde"]
[Date "1977.??.??"]
[Round "2"]
[White "Madsen, P"]
[Black "Svendsen, N"]
[Result "1-0"]
[WhiteElo "2200"]
[BlackElo "2200"]

1. e4 e6 2. d4 d5 3. e5 c5 4. c3 Nc6 5. Nf3 Qb6 6. Bd3 cxd4 7. cxd4 Bd7
8. O-O Nxd4 9. Nxd4 Qxd4 10. Nc3 Qb6 11. a4 f5 12. a5 Qd8 13. a6 b6
14. Re1 Bb4 15. Bd2 Bxc3 16. Bxc3 Ne7 17. Bb4 O-O 18. Rc1 Rf7 19. Bd6
Be8 20. Qd2 Rc8 21. Qg5 Rc6 22. Rxc6 Bxc6 23. Rc1 Qd7 24. Bxe7 Rxe7
25. Rxc6 Qxc6 26. Qxe7 Qc1+ 27. Bf1 h6 1-0

[Event "Espergarde open"]
[Site "Espergaerde"]
[Date "1977.??.??"]
[Round "2"]
[White "Nilsson, Nils Specht"]
[Black "Brondum, Eric"]
[Result "1/2-1/2"]
[WhiteElo "2200"]
[BlackElo "2335"]

1. e4 c5 2. Nf3 d6 3. d4 cxd4 4. Nxd4 Nf6 5. Nc3 a6 6. g3 g6 7. Bg2 Bg7
8. O-O O-O 9. h3 e5 10. Nde2 Nc6 11. Be3 Be6 12. Qd2 Qe7 13. Bh6 Rfd8
14. Bxg7 Kxg7 15. f4 d5 16. fxe5 Nxe4 17. Nxe4 dxe4 18. Qf4 Qc5+ 19.
Kh2 Qxe5 20. Bxe4 Qxf4 21. Nxf4 Rd2+ 22. Kg1 Rad8 23. Nxe6+ fxe6 24.
Rf2 1/2-1/2

[Event "Espergarde open"]
[Site "Espergaerde"]
[Date "1977.??.??"]
[Round "2"]
[White "Poulsen, Allan"]
[Black "Auchenberg, Per"]
[Result "0-1"]
[WhiteElo "2310"]
[BlackElo "2225"]

1. c4 g6 2. Nc3 Bg7 3. d4 f5 4. g3 Nf6 5. Bg2 O-O 6. Nf3 d6 7. O-O Nc6
8. d5 Na5 9. Qd3 c5 10. Bd2 a6 11. Ng5 Rb8 12. b3 Qe8 13. e4 b5 14.
Rab1 bxc4 15. bxc4 Rxb1 16. Rxb1 Ng4 17. Rb8 Ne5 18. Qe2 Naxc4 19. Be1
Na5 20. exf5 gxf5 21. Ne6 Nd7 22. Nxg7 Kxg7 23. Rb1 c4 24. Nd1 Nb7 25.
Bc3+ Nf6 26. Qxc4 Nc5 27. Qh4 Nce4 28. Bxe4 fxe4 29. Qxe4 Qd7 30. Ne3
Rf7 31. Qd4 Qh3 32. f3 Kg8 33. Rb8 Rf8 34. Qf4 Qh5 35. g4 Qg6 36. Qg3
Qd3 37. Qe1 Kf7 38. g5 Nd7 39. Rb3 Nc5 40. Rb2 Bh3 41. Qd2 Rg8 42. Kf2
Qg6 43. Ke2 Qxg5 44. Bd4 Qf4 45. Ng4 Rxg4 46. fxg4 Bxg4+ 47. Ke1 Qe4+
48. Kf1 Bh3+ 49. Kg1 Qg4+ 50. Kh1 Qf3+ 51. Kg1 Qf1# 0-1

[Event "Espergarde open"]
[Site "Espergaerde"]
[Date "1977.??.??"]
[Round "2"]
[White "Rej, Dennis"]
[Black "Sorensen, Bent"]
[Result "1-0"]
[WhiteElo "2200"]
[BlackElo "2200"]

1. e4 e6 2. d4 d5 3. Nd2 Nf6 4. e5 Nfd7 5. Bd3 c5 6. c3 Nc6 7. Ne2 f6
8. Nf4 Qe7 9. Nf3 Nb6 10. O-O c4 11. Bc2 Bd7 12. Nh4 Qf7 13. Nfg6 Rg8
14. Nxf8 Rxf8 15. Bxh7 Ne7 16. Bc2 f5 17. Bg5 Rh8 18. f4 O-O-O 19. Bxe7
Qxe7 20. Ng6 Qf7 21. Nxh8 Rxh8 22. b4 Qe7 23. Qe1 Be8 24. a4 Nd7 25.
Rf3 Rh4 26. Qe3 Nf8 27. Rh3 Ng6 28. Rf1 Kd8 29. a5 Kc8 30. Bd1 Kd8 31.
Qg3 Rxh3 32. Qxh3 b6 33. axb6 axb6 34. Bh5 Qa7 35. Qg3 Ne7 36. Bxe8
Kxe8 37. Qxg7 Qa3 38. Qg3 Kf7 39. h4 Nc6 40. Rf3 b5 41. h5 Ne7 42. Qg5
1-0

[Event "Espergarde open"]
[Site "Espergaerde"]
[Date "1977.??.??"]
[Round "2"]
[White "Riis, Soren"]
[Black "Sondergaard, A"]
[Result "1-0"]
[WhiteElo "2200"]
[BlackElo "2200"]

1. e4 e5 2. Nf3 Nc6 3. d4 exd4 4. Nxd4 Bc5 5. Be3 Nxd4 6. Bxd4 Bxd4 7.
Qxd4 Nf6 8. e5 Qe7 9. Be2 c5 10. exf6 Qxe2+ 11. Kxe2 cxd4 12. fxg7 Rg8
13. Rd1 Rxg7 14. g3 b6 15. Rxd4 Ba6+ 16. Kd2 Rg5 17. Nc3 Bb7 18. Re1+
Kd8 19. Ne4 Rf5 20. f4 Kc7 21. Nd6 Rd5 22. Rxd5 Bxd5 23. Ne8+ Kb7 24.
Nf6 Be6 25. Re2 Rc8 26. Ne4 Rc6 27. a3 Bg4 28. Re3 Bf5 29. c3 Ka6 30.
Ke2 f6 31. Nd2 Bg4+ 32. Kf2 h5 33. Nb3 Rd6 34. Nd4 Kb7 35. Re8 a5 36.
b4 axb4 37. axb4 b5 38. Ke3 Ra6 39. Rf8 Ra2 40. h3 Bxh3 41. Rxf6 Bg4
42. Nxb5 Rg2 43. Nd6+ Kc7 44. Ne4 d5 45. Ng5 Rxg3+ 46. Kd4 h4 47. Rh6
h3 48. Rh4 Kc6 49. Nf7 Bf5 50. Rh6+ Kc7 51. b5 Bg6 52. Ne5 Bf5 53. Nf7
Bg6 54. Ng5 Bf5 55. Ke5 Bd7 56. Ne6+ Kb6 57. Nf8+ Kc7 58. b6+ Kd8 59.
Kd6 Bc8 60. Rh8 Ke8 61. Ne6+ Kf7 62. Rxc8 Rg8 63. b7 h2 64. b8=Q Rxc8
65. Qxc8 h1=Q 66. Qf8+ Kg6 67. f5+ 1-0

[Event "Espergarde open"]
[Site "Espergaerde"]
[Date "1977.??.??"]
[Round "3"]
[White "Auchenberg, Per"]
[Black "Hoi, Carsten"]
[Result "0-1"]
[WhiteElo "2225"]
[BlackElo "2330"]

1. b3 Nf6 2. Bb2 g6 3. f4 Bg7 4. Nf3 O-O 5. e3 d5 6. Be2 c5 7. O-O Nc6
8. h3 b6 9. d3 Ng4 10. Bxg7 Nxe3 11. Qc1 Nxf1 12. Bxf8 Ng3 13. Bd1 Qxf8
14. Nc3 d4 15. Ne4 Nxe4 16. dxe4 Bb7 17. Be2 Qg7 18. Bc4 Kh8 19. Qd2 a6
20. Rf1 b5 21. Bd3 f6 22. e5 Nb4 23. Qe2 Nd5 24. g3 Ne3 25. Rf2 Rc8
26. c4 b4 27. Nd2 fxe5 28. Be4 Bxe4 29. Nxe4 exf4 30. Rxf4 e5 31. Rf6
Rf8 32. Rxa6 Qh6 33. h4 Nf5 34. Ng5 Ne3 35. Ra8 Kg8 36. Qf3 Rxa8 37.
Qxa8+ Qf8 38. Qe4 Qf1+ 39. Kh2 Qf2+ 40. Kh1 Qf1+ 41. Kh2 Qf2+ 0-1

[Event "Espergarde open"]
[Site "Espergaerde"]
[Date "1977.??.??"]
[Round "3"]
[White "Bjerring, Kai"]
[Black "Nilsson, Nils Specht"]
[Result "0-1"]
[WhiteElo "2365"]
[BlackElo "2200"]

1. e4 e5 2. Nf3 Nc6 3. d4 d6 4. dxe5 dxe5 5. Qxd8+ Kxd8 6. Bc4 f6 7.
Be3 Na5 8. Be2 Be6 9. Nfd2 g6 10. g3 Nh6 11. f3 Nf7 12. Nc3 c6 13. a3
b6 14. f4 Nb7 15. O-O-O Kc7 16. fxe5 Nxe5 17. Rhf1 Bg7 18. Nf3 Rad8
19. Nxe5 Rxd1+ 20. Bxd1 fxe5 21. Bg4 Bc4 22. Nd5+ Kb8 23. Rf7 Bf8 24.
Rc7 Bc5 25. Rxc6 Bxd5 26. Rxc5 Be6 27. Rxe5 Bxg4 0-1

[Event "Espergarde open"]
[Site "Espergaerde"]
[Date "1977.??.??"]
[Round "3"]
[White "Brondum, Eric"]
[Black "Poulsen, Allan"]
[Result "1/2-1/2"]
[WhiteElo "2335"]
[BlackElo "2310"]

1. d4 d5 2. Bg5 h6 3. Bh4 g6 4. e3 Bg7 5. Bd3 c5 6. c3 Qb6 7. Qb3 Nf6
8. Qxb6 axb6 9. Ne2 Nc6 10. Bg3 Nh5 11. Bc7 c4 12. Bc2 b5 13. Nd2 Ra6
14. h3 Be6 15. g4 Nf6 16. f4 Bxg4 17. hxg4 Nxg4 18. f5 Nxe3 19. Bb1
Nxf5 20. Bxf5 gxf5 21. Ng3 e6 22. Nh5 Bf8 23. Nf3 Be7 24. Rg1 Bg5 25.
a3 f6 26. Kf2 Kf7 27. Rae1 Ne7 28. Bf4 Ng6 29. Bc1 Rha8 30. Rh1 Re8
31. Rd1 Re7 32. Ng3 Re8 33. Ne2 Rg8 34. Rh5 Ne7 35. Rdh1 Kg7 36. Nf4
Kf7 37. Re1 Bxf4 38. Bxf4 Rg4 39. Rxh6 1/2-1/2

[Event "Espergarde open"]
[Site "Espergaerde"]
[Date "1977.??.??"]
[Round "3"]
[White "Frandsen, O"]
[Black "Riis, Soren"]
[Result "1-0"]
[WhiteElo "2200"]
[BlackElo "2200"]

1. e4 e6 2. d4 d5 3. Nd2 Nf6 4. e5 Nfd7 5. Bd3 c5 6. c3 Nc6 7. Ne2 Qb6
8. Nf3 cxd4 9. cxd4 f6 10. exf6 Nxf6 11. O-O Bd6 12. Nf4 O-O 13. Re1
Bd7 14. Nxe6 Rfe8 15. Bf5 Bb4 16. Re2 Na5 17. a3 Bf8 18. Nfg5 h6 19.
Bg6 hxg5 20. Bxe8 Bxe6 21. Bg6 Nb3 22. Bxg5 Nxa1 23. Bxf6 gxf6 24. Re3
Rc8 25. h3 Qxb2 26. Bh7+ Kh8 27. Qh5 Rc1+ 28. Kh2 Bd6+ 29. Rg3 Bxg3+
30. fxg3 Kg7 31. Qg6+ Kf8 32. Qxf6+ Bf7 33. Bg6 Rc7 34. Qh8+ Ke7 35.
Qe5+ Kd7 36. Bxf7 Rc6 37. Be8+ Kd8 38. Bxc6 bxc6 39. Qd6+ Ke8 40. Qxc6+
Ke7 41. Qc7+ Kf6 42. Qd6+ Kg7 43. Qe7+ Kg6 44. Qxa7 Qb5 45. a4 Qc4 46.
Qb6+ Kf5 47. a5 Nc2 48. a6 Ne1 49. Qb1+ Kf6 50. Qxe1 Qxd4 51. Qa5 Qa7
52. Qb5 1-0

[Event "Espergarde open"]
[Site "Espergaerde"]
[Date "1977.??.??"]
[Round "3"]
[White "Madsen, P"]
[Black "Molgaard, Steen"]
[Result "1/2-1/2"]
[WhiteElo "2200"]
[BlackElo "2200"]

1. e4 e5 2. f4 Bc5 3. Nf3 d6 4. b4 Bb6 5. c4 Bd4 6. Nxd4 exd4 7. d3 a5
8. b5 c5 9. Nd2 f5 10. Nf3 Qe7 11. Be2 Be6 12. exf5 Bxf5 13. O-O Nd7
14. Re1 O-O-O 15. b6 Nb8 16. Bd2 Nc6 17. Qa4 Bd7 18. Bd1 Qf6 19. Ng5
Nge7 20. Bf3 h6 21. Ne4 Qg6 22. Qa3 Nf5 23. Ng3 Nxg3 24. hxg3 Rhe8 25.
Bxa5 Nb8 26. Bd2 Bc6 27. Bxc6 Nxc6 1/2-1/2

[Event "Espergarde open"]
[Site "Espergaerde"]
[Date "1977.??.??"]
[Round "3"]
[White "Moe, Mogens"]
[Black "Hansen, J"]
[Result "1-0"]
[WhiteElo "2360"]
[BlackElo "2360"]

1. e4 c5 2. Nf3 e6 3. d4 cxd4 4. Nxd4 a6 5. Nc3 Qc7 6. Bd3 Nc6 7. Nb3
Nf6 8. O-O b5 9. f4 d6 10. Qf3 Bb7 11. Bd2 Be7 12. Rae1 Rc8 13. Qh3 g6
14. Nd1 O-O 15. g4 Nd7 16. g5 Rfe8 17. Nf2 f5 18. exf5 exf5 19. Bc3 Bf8
20. a4 Qb6 21. Bxf5 gxf5 22. g6 h6 23. Qxf5 Nde5 24. fxe5 1-0

[Event "Espergarde open"]
[Site "Espergaerde"]
[Date "1977.??.??"]
[Round "3"]
[White "Pedersen, Jens Otto"]
[Black "Sogaard, Ove"]
[Result "1/2-1/2"]
[WhiteElo "2200"]
[BlackElo "2200"]

1. e4 e5 2. Nc3 Nf6 3. g3 Bc5 4. Bg2 a6 5. Nge2 Nc6 6. O-O d6 7. Nd5
Nd4 8. Nxd4 exd4 9. d3 c6 10. Nxf6+ Qxf6 11. Qh5 O-O 12. Bd2 Qg6 13.
Qxg6 hxg6 14. Rae1 Bd7 15. Re2 Rfe8 16. Rfe1 Kf8 17. a3 Bg4 18. f3 Be6
19. Kf2 d5 20. Bb4 Bxb4 21. axb4 Red8 22. f4 dxe4 23. Bxe4 a5 24. b5
cxb5 25. Bxb7 Rab8 26. Bf3 Rbc8 27. Ra1 a4 28. Ke1 Rc5 29. Rf2 Rdc8
30. Bd1 f6 31. Kd2 R8c7 32. Ra3 1/2-1/2

[Event "Espergarde open"]
[Site "Espergaerde"]
[Date "1977.??.??"]
[Round "3"]
[White "Rej, Dennis"]
[Black "Brask, S"]
[Result "1-0"]
[WhiteElo "2200"]
[BlackElo "2200"]

1. e4 d6 2. d4 Nf6 3. Nc3 g6 4. Bc4 Bg7 5. f4 O-O 6. Nf3 Nbd7 7. O-O c5
8. e5 Ne8 9. e6 fxe6 10. Bxe6+ Kh8 11. d5 Nc7 12. Ng5 Bd4+ 13. Kh1 Qe8
14. Qd3 Bf6 15. Nce4 Bg7 16. Nxh7 Nxe6 17. Qh3 Nxf4 18. Rxf4 Nf6 19.
Nhxf6+ Bxh3 20. Rh4+ Bh6 21. Rxh6+ 1-0

[Event "Espergarde open"]
[Site "Espergaerde"]
[Date "1977.??.??"]
[Round "3"]
[White "Sorensen, Bent"]
[Black "Sondergaard, A"]
[Result "0-1"]
[WhiteElo "2200"]
[BlackElo "2200"]

1. b3 d5 2. Bb2 Nc6 3. e3 Bf5 4. Bb5 Qd6 5. Ne2 e5 6. d4 O-O-O 7. Nd2
Nb4 8. dxe5 Qc5 9. Nd4 Nxc2+ 10. Nxc2 Qxb5 11. Nd4 Qd7 12. Qe2 f6 13.
Rc1 Kb8 14. O-O fxe5 15. N4f3 e4 16. Ne5 Qe6 17. Bd4 c5 18. Qb5 a6 19.
Qa5 Rc8 20. Bb2 Nf6 21. f3 Bd6 22. fxe4 Nxe4 23. Nxe4 Bxe4 24. Qb6 Rhe8
25. Rf7 Re7 26. Bd4 Bxe5 27. Qxe6 Rxe6 28. Bxe5+ Rxe5 29. Rxg7 Bd3 30.
Rg3 c4 31. bxc4 dxc4 32. Rc3 Rce8 33. Kf2 b5 34. Ra3 Kb7 35. Rf3 b4
36. Ra4 a5 37. Rf4 Kb6 38. a3 Kb5 0-1

[Event "Espergarde open"]
[Site "Espergaerde"]
[Date "1977.??.??"]
[Round "3"]
[White "Svendsen, N"]
[Black "Hansen, Jorgen"]
[Result "1/2-1/2"]
[WhiteElo "2200"]
[BlackElo "2360"]

1. d4 g6 2. e4 d6 3. Nf3 Bg7 4. Nc3 e6 5. Bc4 Ne7 6. O-O O-O 7. Be3 c6
8. a4 d5 9. Bb3 Nd7 10. Qd2 b6 11. Bh6 dxe4 12. Nxe4 Nf5 13. Bxg7 Kxg7
14. Rad1 Nf6 15. Rfe1 Bb7 16. c4 h5 17. Qf4 Qb8 18. Qe5 Qxe5 1/2-1/2

[Event "Espergarde open"]
[Site "Espergaerde"]
[Date "1977.??.??"]
[Round "3"]
[White "Zambach, A"]
[Black "Kallenberg, Ebbe"]
[Result "1/2-1/2"]
[WhiteElo "2200"]
[BlackElo "2200"]

1. d4 d5 2. c4 c6 3. Nf3 Nf6 4. Nc3 dxc4 5. a4 Bf5 6. e3 e6 7. Bxc4 Bb4
8. O-O O-O 9. Nh4 Bg4 10. f3 Bh5 11. g4 Nd5 1/2-1/2

[Event "Espergarde open"]
[Site "Espergaerde"]
[Date "1977.??.??"]
[Round "4"]
[White "Auchenberg, Per"]
[Black "Brondum, Eric"]
[Result "0-1"]
[WhiteElo "2225"]
[BlackElo "2335"]

1. e4 c5 2. Nc3 Nc6 3. g3 g6 4. Bg2 Bg7 5. d3 d6 6. Be3 e5 7. Qd2 Nd4
8. Nd1 Ne7 9. c3 Ndc6 10. Bh6 Bxh6 11. Qxh6 Be6 12. Nf3 f6 13. Qg7 Rf8
14. Qxh7 Qd7 15. Qh6 O-O-O 16. Qe3 g5 17. d4 exd4 18. cxd4 g4 19. d5
Nxd5 20. exd5 Bxd5 21. O-O gxf3 22. Bxf3 Bxf3 23. Qxf3 Rh8 24. Ne3 Nd4
25. Qg2 Rxh2 26. Kxh2 Rh8+ 27. Kg1 Ne2# 0-1